Estética del cine /

Guardado en:
Autor Principal: Aumont, Jacques
Otros Autores: Bergala, Alainmarie Michel
Formato: Libro
Publicado: Buenos Aires : Paid¢s, 1996
Series:Paid¢s comunicaci¢n cine
Materias:
Etiquetas: Agregar Etiqueta
Sin Etiquetas, Sea el primero en etiquetar este registro!
LEADER 00624nam a22002295a 4500
001 CEM.cems011744
005 20120330193507.0
008 130507s1996##################000#0#####d
003 CEMS
082 0 4 |a 792.93 
100 1 |a Aumont, Jacques 
245 1 0 |a Estética del cine / 
260 |a Buenos Aires :  |b Paid¢s,  |c 1996 
300 |a 331 p. 
490 0 |a Paid¢s comunicaci¢n cine 
653 |a Cine 
653 |a Cine-montaje 
653 |a Cine-espacio filmico 
653 |a Cine-narracion 
653 |a Cine-lenguaje 
700 1 |a Bergala, Alainmarie Michel 
859 |a CEMS  |b BIB. CEMS - 11 de abril  |h 792.93  |i AU56  |p 22716.04  |t Ej.1